000 00716nam a2200229 i 4500
001 C2-0319103
003 PPAK
005 20180728114911.0
008 121017s2009 my a|||| ||||| | may d
020 _a9789679365450
040 _aPPAK
_beng
_cPPAK
_erda
082 0 4 _a664.02
_223
090 0 0 _a664.02
_bREK
_dR
245 0 0 _aReka bentuk dan penilaian mesin prototaip kuih ros
264 1 _aKuala Lumpur :
_bInstitut Penyelidikan dan Kemajuan Pertanian Malaysia (MARDI) ,
_c2009
300 _a12 pages :
_bcolour illustrations ;
_c25 cm
336 _2rdacontent
_atext
337 _2rdamedia
_aunmediated
338 _2rdacarrier
_avolume
650 1 0 _aFood processing machinery - Malaysia.
942 _ddc
_cB
999 _c119974
_d119974